Classifica Marcatori Udinese All-Time - Statistics

Statistiche generali
  • Questo quiz è stato fatto 54 volte
  • Il punteggio medio è 3 su 10
Statistiche sulle risposte
Gol Nazione Calciatore % Corretto
227 Italia Antonio Di Natale
100%
62 Germania Oliver Bierhoff
76%
42 Brasile Márcio Amoroso
48%
69 Italia Vincenzo Iaquinta
48%
70 Argentina Abel Balbo
22%
54 Italia Paolo Poggi
22%
46 Argentina Roberto Sosa
10%
45 Italia Roberto Muzzi
6%
41 Italia Marco Branca
2%
73 Italia Lorenzo Bettini
0%
Nessun quiz corrispondente trovato
Distribuzione punteggi
Percentuale di utenti per punteggio
Percentile per numero di risposta
I tuoi punteggi nel tempo
Non hai fatto questo quiz